Normal view
MARC view
- Bhatia Vanraj, Composer
Entry Personal Name
001 - CONTROL NUMBER
- control field: 97009
003 - CONTROL NUMBER IDENTIFIER
- control field: OSt
005 - DATE AND TIME OF LATEST TRANSACTION
- control field: 20221007214235.0
008 - FIXED-LENGTH DATA ELEMENTS
- fixed length control field: 221007|| aca||aabn | a|a d
040 ## - CATALOGING SOURCE
- Original cataloging agency: OSt
- Transcribing agency: OSt
100 ## - HEADING--PERSONAL NAME
- Personal name: Bhatia Vanraj, Composer
670 ## - SOURCE DATA FOUND
- Source citation: Work cat.: (OSt)61494: Bhatia Vanraj, Composer, The Elements Earth, 2011